000 01242cam a22002055a 4500
001 L156709
008 120627s1859 xxk f 000 0 eng d
035 _a(Sirsi) u156709
041 0 _aeng
240 _aNorthwick Gallery, Cheltenham
245 0 0 _aCatalogue of the late Lord Northwick's extensive and magnificent collection of ancient and modern pictures
_bcabinet of miniatures and enamels, and other works of art, and the furniture, plate, wines, and effects, at Thirlestane House, Cheltenham. Which will be sold by auction by Mr. Phillips at the Mansion, on Tuesday, the 26th of July, 1859, and twenty-one subsequent days, commencing at one c'clock precisely each day, by direction of the administrator. May be viewed on and after Friday, the 15th of July, by catalogues only, at five shillings each, to admit three persons, to be obtained at the lodge of the Mansion; ...
260 _a[London]
_bJ. Davy & Sons, printers
_c[1859]
300 _aiv, 200 p., plate
_c8o
520 _aCover title: The Northwick Gallery, Cheltenham.
583 _aCondition reviewed
_c20120620
_lcondition level 3
651 4 _aGreat Britain
_y1707-
690 _aArt and antiques
700 1 _aNorthwick, John Rushout
_cBaron
_d1770-1859
942 _n0
999 _c114377
_d114377